| 000 | 01166cam a22003615i 4500 | ||
|---|---|---|---|
| 999 |
_c28588 _d28559 |
||
| 001 | 13251008 | ||
| 003 | EG-ScBUE | ||
| 005 | 20200902125203.0 | ||
| 006 | m||||fq||h 00| 0 | ||
| 008 | 030624t20082004maua f 001 0 eng d | ||
| 020 | _a9781405111270 (pbk. : alk. paper) | ||
| 040 |
_aDLC _beng _erda _cDLC _dDLC _dEG-ScBUE |
||
| 082 | 0 | 4 |
_a519.5 _bSOP _222 |
| 100 | 1 |
_aSoper, Jean, _eauthor. |
|
| 245 | 1 | 0 |
_aMathematics for economics and business : _ban interactive introduction / _cJean Soper. |
| 250 | _aSecond edition. | ||
| 264 | 1 |
_aMalden, MA : _bBlackwell Publishing, _c2008. |
|
| 264 | 4 | _cc2004 | |
| 300 |
_axxiv, 404 pages : _billustrations ; _c26 cm + _e1 CD-ROM (4 3/4 in.) |
||
| 336 |
_atext _btxt _2rdacontent |
||
| 336 |
_aspoken word _bspw _2rdacontent |
||
| 337 |
_aunmediated _bn _2rdamedia |
||
| 337 |
_aaudio _bs _2rdamedia |
||
| 338 |
_avolume _bnc _2rdacarrier |
||
| 338 |
_aaudio disc _bsd _2rdacarrier |
||
| 500 | _aIncludes index. | ||
| 650 | 7 |
_aEconomics, Mathematical. _2BUEsh |
|
| 650 | 7 |
_aBusiness mathematics. _2BUEsh |
|
| 653 |
_bGGEN _cJuly2020 |
||
| 653 |
_bBUSECO _cAugust2020 |
||
| 655 |
_vReading book _934232 |
||
| 942 |
_2ddc _cBB |
||